000 00776nam a2200253Ia 4500
003 OSt
005 20221006153722.0
006 a|||||r|||| 00| 0
007 ta
008 221006b |||||||| |||| 00| 0 eng d
020 _a0415329620
024 _a33,131
037 _bGift, Japan Foundation
_cAnnuals, Advances
040 _aEASL
_cEASL
_beng
041 _2eng
_aeng
082 _aV42:594.M68, P4
100 _aFriday Karl F. Au.
_9665108
245 0 _aSamurai,warfare and the state in early medieval japan
260 _aLondon
_bRoutledge
_c2004
300 _axiv,236p.
_ccm.
490 _v JEL
_aWarfare and History
942 _hV42:594.M68, P4
_cREF
_2CC
999 _c1101217
_d1101217